|
|
|
|
| LEADER |
03182nam a22005055i 4500 |
| 001 |
978-88-7642-379-6 |
| 003 |
DE-He213 |
| 005 |
20151204145628.0 |
| 007 |
cr nn 008mamaa |
| 008 |
110430s2011 it | s |||| 0|eng d |
| 020 |
|
|
|a 9788876423796
|9 978-88-7642-379-6
|
| 024 |
7 |
|
|a 10.1007/978-88-7642-379-6
|2 doi
|
| 040 |
|
|
|d GrThAP
|
| 050 |
|
4 |
|a QA299.6-433
|
| 072 |
|
7 |
|a PBK
|2 bicssc
|
| 072 |
|
7 |
|a MAT034000
|2 bisacsh
|
| 082 |
0 |
4 |
|a 515
|2 23
|
| 245 |
1 |
0 |
|a Asymptotics in Dynamics, Geometry and PDEs; Generalized Borel Summation vol. I
|h [electronic resource] /
|c edited by O. Costin, F. Fauvet, F. Menous, D. Sauzin.
|
| 264 |
|
1 |
|a Pisa :
|b Edizioni della Normale,
|c 2011.
|
| 300 |
|
|
|a 450 p.
|b online resource.
|
| 336 |
|
|
|a text
|b txt
|2 rdacontent
|
| 337 |
|
|
|a computer
|b c
|2 rdamedia
|
| 338 |
|
|
|a online resource
|b cr
|2 rdacarrier
|
| 347 |
|
|
|a text file
|b PDF
|2 rda
|
| 490 |
1 |
|
|a Publications of the Scuola Normale Superiore, CRM Series ;
|v 12
|
| 505 |
0 |
|
|a C. M. Bender, D. W. Hook, K. S. Kooner: Complex Elliptic Pendulum -- F. Bracci: Parabolic attitude -- J. Ecalle, S. Sharma: Power series with sum-product Taylor coefficients and their resurgence algebra -- J. Raissy: Brjuno conditions for linearization in presence of resonance -- J.-Y. Thibon: Noncommutative symmetric functions and combinatorial Hopf algebras -- C. Bogner, S. Weinzierl: Feynman graphs in perturbative quantum field theory -- A. J. Corcho, F. Linares, C. Matheus: Multilinear estimates for the 2D and 3D Zakharov-Rubenchik systems -- J. Ecalle: The flexion structure and dimorphy: flexion units, singulators, generators, and the enumeration of multizeta irreducible -- J. Ecalle: (title to follow) -- S. Kamimoto, T. Kawai, T. Koike, Y. Takei: On a Schrödinger equation with a merging pair of a simple pole and a simple turning point – Alien calculus of WKB solutions through microlocal analysis -- R. Schäfke: (title to follow).
|
| 520 |
|
|
|a These are the proceedings of a one-week international conference centered on asymptotic analysis and its applications. They contain major contributions dealing with - mathematical physics: PT symmetry, perturbative quantum field theory, WKB analysis, - local dynamics: parabolic systems, small denominator questions, - new aspects in mould calculus, with related combinatorial Hopf algebras and application to multizeta values, - a new family of resurgent functions related to knot theory.
|
| 650 |
|
0 |
|a Mathematics.
|
| 650 |
|
0 |
|a Mathematical analysis.
|
| 650 |
|
0 |
|a Analysis (Mathematics).
|
| 650 |
|
0 |
|a Physics.
|
| 650 |
1 |
4 |
|a Mathematics.
|
| 650 |
2 |
4 |
|a Analysis.
|
| 650 |
2 |
4 |
|a Theoretical, Mathematical and Computational Physics.
|
| 700 |
1 |
|
|a Costin, O.
|e editor.
|
| 700 |
1 |
|
|a Fauvet, F.
|e editor.
|
| 700 |
1 |
|
|a Menous, F.
|e editor.
|
| 700 |
1 |
|
|a Sauzin, D.
|e editor.
|
| 710 |
2 |
|
|a SpringerLink (Online service)
|
| 773 |
0 |
|
|t Springer eBooks
|
| 776 |
0 |
8 |
|i Printed edition:
|z 9788876423741
|
| 830 |
|
0 |
|a Publications of the Scuola Normale Superiore, CRM Series ;
|v 12
|
| 856 |
4 |
0 |
|u http://dx.doi.org/10.1007/978-88-7642-379-6
|z Full Text via HEAL-Link
|
| 912 |
|
|
|a ZDB-2-SMA
|
| 950 |
|
|
|a Mathematics and Statistics (Springer-11649)
|